000 00361nam a2200109Ia 4500
008 160909s9999 xx 000 0 und d
100 _aMartin, Angela D.
245 _aAccountability in mixed-generation teams
260 _bPepperdine University.
_c2016
650 _aHUMAN RESOURCE MANAGEMENT
856 _uhttp://pqdtopen.proquest.com/doc/1807933809.html?FMT=ABS
999 _c304711
_d304711